LEADER 01184nam a2200265 a 4500 001 000000169525 003 CaOOAMICUS 005 20180927100849.0 008 180927m19689999it 000 u ita r 032 $aLibriCat 040 $aPUL$bita 100 1 $aBarberi Squarotti, Giorgio,$d1929-2017.$0(OLS)http://pul/name/429 245 10$aLetteratura e critica :$bantologia della critica letteraria /$cGiorgio Barberi Squarotti, Angelo Jacomuzzi. 260 $aMessina ;$aFirenze :$bG. D'Anna,$c1968- 300 $av. ; $c22 cm. 505 1 $aV. L'Ottocento e il Novecento. 650 4$aCritica letteraria.$0(OLS)http://pul/subject/7021 700 1 $aJacomuzzi, Angelo.$0(OLS)http://pul/name/8007 740 22$aL'Ottocento e il Novecento. 850 $aPUL 852 $aPUL$W1$xDP1 Fondo Dalla Palma$y117$m9 F 19$j45008$qFondi$B197529$CPULBib$Z2$F197529 $HDal854 $81 996 $6245$aLetteratura e critica :$bantologia della critica letteraria$9(OLS)http://pul/title/210131 996 $6740$aL'Ottocento e il Novecento$9(OLS)http://pul/title/210132 996 $6260$aMessina ;$aFirenze :$bG. D'Anna$9(OLS)http://pul/publisher/52768 LEADER 01835nam a2200397 a 4500 001 000000175300 003 CaOOAMICUS 005 20220620155720.0 008 220620s2021 it 001 u ita r 020 $a978-88-1-3376833* 032 $aLibriCat 040 $aPUL$bita 082 04$a346.4500 110 1 $aItalia.$0(OLS)http://pul/name/1188 240 10$aCodice civile (2021).$0(OLS)http://pul/title/216717 245 00$aCommentario breve al codice civile :$bcomplemento giurisprudenziale /$cGiorgio Cian, Alberto Trabucchi ; con la collaborazione di Bruno Barel ... [et al.] . 250 $aEdizione per prove concorsuali ed esami 2021 / a cura di Giorgio Cian. 260 $aPadova :$bCEDAM ;$aMilano :$bWolters Kluwer,$cİ2021. 300 $a4001 p. ;$c25 cm 490 1 $aBreviaria iuris ;$a1 500 $aTesto su due colonne. 500 $aComprende indici. 610 14$aItalia.$tCodice civile.$0(OLS)http://pul/subject/33991 700 1 $aCian, Giorgio,$d1935-2022.$0(OLS)http://pul/name/10130 700 1 $aTrabucchi, Alberto,$d1907-1998.$0(OLS)http://pul/name/10131 700 1 $aBarel, Bruno.$0(OLS)http://pul/name/40840 830 0$aBreviaria Iuris ;$v1.$0(OLS)http://pul/title/8521 850 $aPUL 852 $aPUL$W1$xSL Diritto e Scienze Sociali 3$y79$m348. 45 COD 1.1.88$j199504$qDDC 21$B204223$CPULBib$Z2$F204223 $H135651 $82 941 1 $a9 996 $6020$a978-88-1-3376833*$9(OLS)http://pul/number/168701 996 $6082$a346.4500$9(OLS)http://pul/classification/3222 996 $6245$aCommentario breve al codice civile :$bcomplemento giurisprudenziale$9(OLS)http://pul/title/51186 996 $6260$aPadova :$bCEDAM$9(OLS)http://pul/publisher/48126 996 $6260$aMilano :$bWolters Kluwer$9(OLS)http://pul/publisher/87159